Miera platobnej neschopnosti v západnej Európe klesá

Pokles platobnej neschopnosti firiem v krajinách európskej pätnástky. Krajiny, ktoré zaznamenali najpriaznivejší vývoj v poklese insolventnosti. Koncentrácia platobnej neschopnosti hlavne na malé podniky. Rizikové odvetvia. Vývoj platobnej neschopnosti v západnej Európe.

Guardado en:
Detalles Bibliográficos
Autor principal: Janoška, Juraj
Formato: Capítulo de libro
Lenguaje:eslovaco
Materias:
Etiquetas: Agregar Etiqueta
Sin Etiquetas, Sea el primero en etiquetar este registro!

MARC

LEADER 00000naa a2200000 4500
001 r037663
005 20230921105403.8
041 0 |a slo 
044 |a SK 
245 1 0 |a Miera platobnej neschopnosti v západnej Európe klesá  |c Juraj Janoška 
520 |a Pokles platobnej neschopnosti firiem v krajinách európskej pätnástky. Krajiny, ktoré zaznamenali najpriaznivejší vývoj v poklese insolventnosti. Koncentrácia platobnej neschopnosti hlavne na malé podniky. Rizikové odvetvia. Vývoj platobnej neschopnosti v západnej Európe. 
610 2 0 |a insolventnosť 
610 2 0 |a podnik malý 
610 2 0 |a odvetvia činnosti ekonomickej 
610 2 0 |a západná Európa 
100 1 |a Janoška, Juraj